Harry Potter Ultimate Nerd - Statistics

General Stats
  • This quiz has been taken 514 times
  • The average score is 4 of 15
Answer Stats
Hint Answer % Correct
What flavour of ice lolly did Harry get bought for him at the zoo by Vernon Dursley? Lemon
54%
What is the first name of Buckbeak's 'would be' executioner, Macnair? Walden
46%
What is Madam Hooch's first name? Rolanda
43%
How many years were there between Albus Dumbledore's defeat of Grindelwald, and Albus Severus Potter commencing first form at Hogwarts? 72
41%
What is the full name of the auror who attempted to apprehend Professor Dumbledore in the Order of the Phoenix with Cornelius Fudge and Kingsley Shacklebolt? John Dawlish
31%
What was the name of the wizard who was the Apparition Instructor? Wilkie Twycross
30%
What Quidditch team did Oliver Wood join after leaving Hogwarts? Puddlemere United
28%
What is the occupation of Colin Creevey's father? Milk Man
25%
What is the name of the goblin that was put under the Imperius Curse to allow the trio to sneak into Gringotts vaults? Bogrod
24%
What is the first name of the death eater, Yaxley? Corban
17%
Who looked after Aunt Marges' dogs whilst she was visiting the Dursleys? Colonel Fubster
13%
What incantation opened the one-eyed witch passage to Honeydukes? Dissendium
12%
What country did Ireland beat in the semi-final of the 1994 Quidditch World Cup to set up a final with Bulgaria? Peru
10%
What is the name of the department store that disguises St Mungo's Hospital? Purge and Dowse
4%
What is the name of the small wizarding village located in Yorkshire? Upper Flagley
4%
No matching quizzes found
Score Distribution
Percent of People with Each Score
Percentile by Number Answered
Your Score History
You have not taken this quiz